| 000 | 00564nam a2200217 a 4500 | ||
|---|---|---|---|
| 005 | 20210219152925.0 | ||
| 008 | 991125n 000 0 eng u | ||
| 035 | _aUPN01000067308 | ||
| 100 | _aEIDUSON, Bernice T. | ||
| 222 | _aCHILDREN TODAY | ||
| 245 | _aChild development in emergent family styles | ||
| 300 | _a24-31 | ||
| 362 | _a1978 Vol. 27, no. 2, mar.-abr. | ||
| 653 | 0 | _aDESARROLLO SOCIAL | |
| 653 | 0 | _aFAMILIA | |
| 653 | 0 | _aNIÑOS | |
| 653 | 0 | _aPSICOLOGIA DEL NIÑO | |
| 653 | 0 | _aVIDA FAMILIAR | |
| 904 |
_aAC _b005119 |
||
| 905 | _aArticulo | ||
| 999 |
_c63923 _d63923 |
||